| 000 | 00716nam a2200241Ia 4500 | ||
|---|---|---|---|
| 008 | 160319s9999 xx 000 0 und d | ||
| 020 | _a971-8686-33-9 | ||
| 050 | _aFIL RT 644.A25 | ||
| 050 | _b.5B35 2001 | ||
| 100 | _aBalgos, Cecile C.A. | ||
| 245 | _aDrugs, death & disease : | ||
| 245 | _breporting on AIDS in Southeast Asia / | ||
| 245 | _cCecile C.A. Balgos. | ||
| 260 | _aQuezon City: | ||
| 260 | _bRaintree Publishing, Inc. | ||
| 260 | _c2001 | ||
| 300 | _a148 pages : | ||
| 300 | _billustrations ; | ||
| 300 | _c21 cm. | ||
| 500 | _aIncludes bibliographical references. | ||
| 650 | _aAIDS (Disease) -- Asia, Southeastern. | ||
| 650 | _xAIDS (Disease) in mass media -- Asia, Southeastern. | ||
| 999 |
_c291587 _d291587 |
||